|
|
|
|
| LEADER |
01206cam a2200301 a 4500 |
| 001 |
c000392574 |
| 003 |
CARM |
| 005 |
20130122084735.0 |
| 008 |
130122s1967 nyua b 001 0 eng d |
| 010 |
|
|
|a 67018326
|
| 019 |
1 |
|
|a 670936
|z 20009841
|5 LACONCORD2021
|
| 035 |
|
|
|a (OCoLC)2656019
|5 LACONCORD2021
|
| 040 |
|
|
|a LC
|b eng
|c LC
|d WCX
|
| 050 |
0 |
0 |
|a RC438
|b .H5
|
| 082 |
0 |
4 |
|a 616.89009
|2 20
|
| 245 |
0 |
0 |
|a Historic derivations of modern psychiatry /
|c edited by Iago Galdston.
|
| 260 |
|
|
|a New York :
|b Blakiston Division, McGraw-Hill,
|c 1967.
|
| 300 |
|
|
|a xiv, 241 p. :
|b ill. ;
|c 22 cm.
|
| 500 |
|
|
|a Papers presented at a seminar sponsored by the Connecticut Dept. of Mental Health and others.
|
| 504 |
|
|
|a Includes bibliographical references and index.
|
| 650 |
|
0 |
|a Psychiatry
|x History.
|
| 700 |
1 |
|
|a Galdston, Iago,
|d 1895-
|
| 710 |
1 |
|
|a Connecticut.
|b Dept. of Mental Health.
|
| 852 |
8 |
|
|b CARM
|p 0589489
|f BK
|
| 852 |
8 |
|
|b SCAN
|h A3:AG11B0
|i B12116
|p 0589489
|f BK
|
| 999 |
f |
f |
|i 1553df4e-c159-5876-bf86-a9555d6e20c2
|s 835f7f15-b2b9-5966-9f97-748f01ba187f
|
| 952 |
f |
f |
|p Can circulate
|a CAVAL
|b CAVAL
|c CAVAL
|d CARM 1 Store
|i book
|m 0589489
|
| 952 |
f |
f |
|a CAVAL
|b CAVAL
|c CAVAL
|d Unmapped Location
|e B12116
|f A3:AG11B0
|h Other scheme
|